LEADER 01501nam a2200325 i 4500 001 000000157700 003 CaOOAMICUS 005 20260427114310.0 008 070116s1988 it u000 u ita u 020 $a88-18-89002-6 040 $aSeMil$bita 100 1 $aGo-khlä-yeh.$0(OLS)http://semarc/name/61554 240 10$aGeronimo's Story of His Life.$0(OLS)http://semarc/title/231308 245 13$aLa mia storia :$bautobiografia di un grande guerriero apache /$cGeronimo (Go-khlä-yeh) ; a cura di S.M. Barret ; Introduzione e note di Frederick W. Turner III. 264 1$aMilano :$bRusconi,$c1988. 300 $a206 p. ;$c22 cm. 490 1 $aLa sacra pipa 650 4$aIndiani d'America - Apache.$0(OLS)http://semarc/subject/22998 650 4$aGeronimo - Autobiografia.$0(OLS)http://semarc/subject/30866 700 1 $aBarret, Stephen M.$0(OLS)http://semarc/name/61555 700 1 $aTurner, Frederick W.$0(OLS)http://semarc/name/61556 830 3$aLa sacra pipa.$0(OLS)http://semarc/title/14219 850 $aSeMil 852 $aSeMil$W1$xVenegono$y1$m3R IV 29$j271011$B109378$CSeMilBibl$Z2$F118882 $81 941 1 $a3 961 $aLascito: Colombo Card. Giovanni 996 $6020$a88-18-89002-6$9(OLS)http://semarc/number/148066 996 $6245$aLa mia storia :$bautobiografia di un grande guerriero apache$9(OLS)http://semarc/title/231307 996 $6264$aMilano :$bRusconi$9(OLS)http://semarc/publisher/30258